[Event "Dimitrovgrad Chmp. 2025 open"]
[Site "Dimitrovgrad"]
[Date "2025.03.22"]
[Round "1.1"]
[White "Alachihin, Vladimir"]
[Black "Shapran, Stefaniya"]
[Result "1-0"]
[WhiteElo "2270"]
[BlackElo "1523"]
[PlyCount "61"]

1. d4 Nf6 2. Nf3 g6 3. c4 Bg7 4. Nc3 d5 5. cxd5 Nxd5 6. g3 O-O 7. Bg2 Nxc3 8.
bxc3 c5 9. O-O Nd7 10. Qb3 Qc7 11. Rd1 e5 12. d5 Qd6 13. Nd2 Rd8 14. Nc4 Qa6
15. Bg5 Bf6 16. h4 Rb8 17. d6 b5 18. Nxe5 c4 19. Qb4 Nxe5 20. Bxf6 Re8 21. Bxe5
Rxe5 22. d7 Bxd7 23. Rxd7 Rxe2 24. Bf1 Rxa2 25. Rxa2 Qxa2 26. Qe7 Rf8 27. h5
Qa5 28. h6 Qb6 29. Qe5 f6 30. Qe7 Kh8 31. Qg7# 1-0

[Event "Dimitrovgrad Chmp. 2025 open"]
[Site "Dimitrovgrad"]
[Date "2025.03.22"]
[Round "1.2"]
[White "Predke, Nikolay"]
[Black "Bredihin, Dmitriy"]
[Result "0-1"]
[WhiteElo "1443"]
[BlackElo "2129"]
[PlyCount "62"]

1. e4 c5 2. Nf3 d6 3. d4 cxd4 4. Nxd4 Nf6 5. Nc3 a6 6. Bc4 e6 7. Be3 b5 8. Bb3
Bb7 9. f3 Nbd7 10. O-O Nc5 11. Qd2 Be7 12. Rad1 O-O 13. Nce2 Qc7 14. Ng3 Rad8
15. c3 Nfd7 16. Qc2 Ne5 17. h3 Nc4 18. Bc1 d5 19. Qf2 Bh4 20. Nde2 dxe4 21. Bf4
e5 22. Be3 Nd3 23. Rxd3 exd3 24. Bxc4 Qxc4 25. Nc1 d2 26. Bxd2 Bxg3 27. Qe3 Bf4
28. Qb6 Rxd2 29. Qxb7 Be3+ 30. Kh1 Qxf1+ 31. Kh2 Qxg2# 0-1

[Event "Dimitrovgrad Chmp. 2025 open"]
[Site "Dimitrovgrad"]
[Date "2025.03.23"]
[Round "2.2"]
[White "Bredihin, Dmitriy"]
[Black "Shaykin, Andrey"]
[Result "1-0"]
[WhiteElo "2129"]
[BlackElo "1551"]
[PlyCount "97"]

1. Nf3 d5 2. c4 Nf6 3. cxd5 Qxd5 4. Nc3 Qd8 5. d4 e6 6. e4 Be7 7. Bd3 O-O 8.
O-O c5 9. d5 exd5 10. exd5 Kh8 11. Ne5 Nbd7 12. Nc4 Nb6 13. Nxb6 Qxb6 14. Re1
Bd6 15. Qc2 Ng4 16. h3 c4 17. Bxc4 Bh2+ 18. Kh1 Nf6 19. Be3 Qb4 20. Nb5 Bb8 21.
a3 Qa5 22. Bc5 Rg8 23. Rad1 a6 24. b4 Qd8 25. Be7 Qd7 26. Nd4 Nh5 27. d6 Nf4
28. Qb3 Bxd6 29. Bxf7 Bxe7 30. Bxg8 Bf6 31. Ne6 Qe8 32. Nxf4 Qxg8 33. Qxg8+
Kxg8 34. Nd5 Bf5 35. Nxf6+ gxf6 36. Re7 b5 37. g4 Kf8 38. Re3 Bg6 39. Rd6 Kg7
40. Kg2 a5 41. Rb6 axb4 42. axb4 Be8 43. Ree6 Bf7 44. Rxf6 Bd5+ 45. f3 Ra2+ 46.
Kg3 Bc4 47. h4 Ra1 48. h5 Rg1+ 49. Kf4 1-0

[Event "Dimitrovgrad Chmp. 2025 open"]
[Site "Dimitrovgrad"]
[Date "2025.03.23"]
[Round "2.4"]
[White "Kiselev, Artem"]
[Black "Abramov, Gordey P"]
[Result "0-1"]
[WhiteElo "1415"]
[BlackElo "1559"]
[PlyCount "42"]

1. d4 d5 2. c4 c6 3. Nc3 e6 4. Nf3 Nf6 5. e3 Nbd7 6. b3 Bd6 7. Bd3 O-O 8. O-O
Re8 9. e4 dxe4 10. Nxe4 Nxe4 11. Bxe4 e5 12. Bb2 exd4 13. Qxd4 Nf6 14. Bd3 c5
15. Qc3 Bg4 16. Ng5 Be5 17. Qxe5 Rxe5 18. Bxh7+ Nxh7 19. Nxh7 Re2 20. Rfd1
Qxd1+ 21. Rxd1 Rxb2 0-1

[Event "Dimitrovgrad Chmp. 2025 open"]
[Site "Dimitrovgrad"]
[Date "2025.03.23"]
[Round "3.1"]
[White "Velichko, Ostap"]
[Black "Bredihin, Dmitriy"]
[Result "0-1"]
[WhiteElo "1437"]
[BlackElo "2129"]
[PlyCount "92"]

1. e4 c5 2. c3 Nf6 3. e5 Nd5 4. d4 cxd4 5. cxd4 d6 6. f4 Nc6 7. Nc3 dxe5 8.
dxe5 Nxc3 9. Qxd8+ Nxd8 10. bxc3 Nc6 11. Be3 e6 12. Nf3 Ba3 13. Nd4 Bb2 14. Rd1
Bxc3+ 15. Kf2 Bxd4 16. Bxd4 Nxd4 17. Rxd4 Bd7 18. Bc4 Bc6 19. Rhd1 Ke7 20. g3
Rad8 21. Ke3 Rd7 22. Rxd7+ Bxd7 23. f5 Rc8 24. fxe6 Bxe6 25. Bxe6 Kxe6 26. Rd6+
Ke7 27. Kd3 Rd8 28. Rxd8 Kxd8 29. Kd4 Kd7 30. Kd5 h5 31. h3 g6 32. g4 hxg4 33.
hxg4 Ke7 34. g5 Kd7 35. a4 Ke7 36. Kd4 Ke6 37. Ke4 b6 38. Kd4 Kf5 39. Kd5 Kxg5
40. Kc6 Kf5 41. Kb7 g5 42. Kxa7 g4 43. Kxb6 g3 44. a5 g2 45. a6 g1=Q+ 46. Kb7
Kxe5 0-1

[Event "Dimitrovgrad Chmp. 2025 open"]
[Site "Dimitrovgrad"]
[Date "2025.03.29"]
[Round "4.1"]
[White "Bredihin, Dmitriy"]
[Black "Alachihin, Vladimir"]
[Result "0-1"]
[WhiteElo "2129"]
[BlackElo "2270"]
[PlyCount "92"]

1. Nf3 b6 2. g3 Bb7 3. Bg2 e6 4. c4 Nf6 5. O-O Be7 6. Nc3 O-O 7. Re1 Ne4 8.
Nxe4 Bxe4 9. d3 Bb7 10. e4 d6 11. d4 Nd7 12. Qc2 e5 13. b3 Bf6 14. Bb2 Qe7 15.
d5 a5 16. a3 g6 17. Rf1 Bg7 18. Nh4 Bf6 19. Nf3 Bg7 20. Nh4 Bc8 21. Bh3 Bf6 22.
Ng2 h5 23. Rae1 Kg7 24. f4 h4 25. Ne3 hxg3 26. hxg3 Rh8 27. Bg4 exf4 28. gxf4
Kg8 29. e5 dxe5 30. Bxd7 Bxd7 31. fxe5 Bxe5 32. Bxe5 Qxe5 33. Qf2 Qg5+ 34. Qg2
Qh4 35. Rf2 Rh5 36. Qf3 Rf8 37. Ree2 Rg5+ 38. Rg2 Rxg2+ 39. Nxg2 Qd4+ 40. Qe3
Qa1+ 41. Re1 Qxa3 42. Qe7 Qxe7 43. Rxe7 Rd8 44. Ne3 Kf8 45. d6 cxd6 46. Nd5 b5
0-1

[Event "Dimitrovgrad Chmp. 2025 open"]
[Site "Dimitrovgrad"]
[Date "2025.03.29"]
[Round "4.2"]
[White "Markelov, Aleksey"]
[Black "Velichko, Ostap"]
[Result "1-0"]
[WhiteElo "1964"]
[BlackElo "1347"]
[PlyCount "47"]

1. d4 d5 2. c4 c6 3. Nc3 e6 4. Nf3 Bd6 5. g3 Ne7 6. Bg2 b6 7. O-O Bb7 8. Qc2
Nd7 9. b3 O-O 10. e4 f6 11. Rd1 Bb4 12. Bb2 Qc7 13. Ne2 dxe4 14. Qxe4 Kf7 15.
Nf4 e5 16. dxe5 fxe5 17. Ng5+ Ke8 18. Nfe6 Rg8 19. Nxc7+ Kd8 20. Nxa8 Bxa8 21.
Qg4 Nd5 22. cxd5 cxd5 23. Nf7+ Kc7 24. Nxe5 1-0

[Event "Dimitrovgrad Chmp. 2025 open"]
[Site "Dimitrovgrad"]
[Date "2025.03.29"]
[Round "4"]
[White "Shaykin, Andrey"]
[Black "Bagautdinova, Darya"]
[Result "1-0"]
[WhiteElo "1551"]
[BlackElo "1405"]
[PlyCount "124"]

1. c4 e5 2. Nc3 Nf6 3. d3 Bb4 4. Bd2 c6 5. Qb3 Bc5 6. e3 Bb6 7. g3 d5 8. cxd5
cxd5 9. Bg2 Be6 10. Qa3 Nbd7 11. Na4 Bc7 12. Ne2 Nb6 13. Nxb6 axb6 14. Qc3 Bd6
15. b3 Rc8 16. Qb2 Bf5 17. Nc1 O-O 18. O-O e4 19. d4 Qd7 20. Re1 Bh3 21. Bh1
Qf5 22. Ne2 Ng4 23. Nf4 g5 24. Nxh3 h5 25. Rf1 h4 26. Bg2 Qg6 27. f3 exf3 28.
Bxf3 Nxh2 29. Kxh2 Rc2 30. Qb1 Rxd2+ 31. Kh1 Qg7 32. Rd1 Rxd1+ 33. Qxd1 Qh6 34.
g4 f5 35. Bxd5+ Kg7 36. gxf5 Rxf5 37. e4 Rf8 38. Qg4 Bf4 39. Rf1 Kh7 40. Nxf4
gxf4 41. Rf3 Qg6 42. Qxg6+ Kxg6 43. Kh2 Kg5 44. Kh3 Rc8 45. Bc4 b5 46. Bxb5 Rc1
47. Bf1 Rd1 48. d5 Rd4 49. Bd3 Kh5 50. Be2 Kg5 51. Rf2 Rxe4 52. Rg2+ Kf6 53.
Kg4 Ke5 54. Bf3 Re3 55. Re2 Rxe2 56. Bxe2 Kxd5 57. Kxf4 Kc5 58. a3 Kd4 59. Kg4
Kc3 60. Bc4 Kd4 61. Kxh4 Kc5 62. a4 Kd4 1-0

[Event "Dimitrovgrad Chmp. 2025 open"]
[Site "Dimitrovgrad"]
[Date "2025.03.29"]
[Round "4"]
[White "Zaletov, Yuri"]
[Black "Abramov, Gordey P."]
[Result "1-0"]
[WhiteElo "2098"]
[BlackElo "1559"]
[PlyCount "27"]

1. d4 d5 2. Bf4 c6 3. e3 Nf6 4. Nf3 Bf5 5. c4 e6 6. Qb3 Qb6 7. c5 Qxb3 8. axb3
Be7 9. Nc3 Nbd7 10. b4 b6 11. Ba6 O-O 12. Bb7 Rad8 13. b5 cxb5 14. c6 1-0

[Event "Dimitrovgrad Chmp. 2025 open"]
[Site "Dimitrovgrad"]
[Date "2025.03.30"]
[Round "5.1"]
[White "Bredihin, Dmitriy"]
[Black "Markelov, Aleksey"]
[Result "1/2-1/2"]
[WhiteElo "2129"]
[BlackElo "1964"]
[PlyCount "75"]

1. c4 Nf6 2. Nf3 e6 3. g3 b6 4. Bg2 Bb7 5. O-O Be7 6. Nc3 O-O 7. Re1 Ne4 8.
Nxe4 Bxe4 9. d3 Bb7 10. e4 d6 11. d4 Nd7 12. Qc2 e5 13. Be3 Bf6 14. d5 a5 15.
b3 g6 16. h4 Bg7 17. Qd2 Bc8 18. Bh6 Nc5 19. Bxg7 Kxg7 20. Qc3 f5 21. exf5 gxf5
22. Ng5 Qf6 23. f4 e4 24. Qxf6+ Rxf6 25. Bf1 Bd7 26. Re3 Rb8 27. a4 Be8 28. Be2
h5 29. Rd1 Kg6 30. Nh3 Bd7 31. Kg2 Ra8 32. Ng1 Rff8 33. Rd2 Rab8 34. Bf1 Kf6
35. Ne2 Na6 36. Nd4 Nc5 37. Be2 Rh8 38. Rd1 1/2-1/2

[Event "Dimitrovgrad Chmp. 2025 open"]
[Site "Dimitrovgrad"]
[Date "2025.03.30"]
[Round "5.2"]
[White "Alachihin, Vladimir"]
[Black "Shaykin, Andrey"]
[Result "1-0"]
[WhiteElo "2270"]
[BlackElo "1551"]
[PlyCount "63"]

1. d4 Nf6 2. Nf3 b6 3. g3 Bb7 4. Bg2 e6 5. c4 Be7 6. O-O O-O 7. d5 exd5 8. Nh4
c6 9. cxd5 Nxd5 10. Nf5 Nf6 11. e4 d5 12. e5 Ne8 13. b3 Bc8 14. Nxe7+ Qxe7 15.
Ba3 Qxe5 16. Nd2 c5 17. Nc4 dxc4 18. Bxa8 Nc7 19. Bg2 c3 20. b4 Nb5 21. Qa4 Bd7
22. bxc5 bxc5 23. Rad1 Qc7 24. Rd5 Nxa3 25. Qxa3 Rc8 26. Qxc3 Be6 27. Rg5 g6
28. Bd5 Bxd5 29. Rxd5 Nd7 30. Rfd1 Nb6 31. Rd6 c4 32. Qf6 1-0

[Event "Dimitrovgrad Chmp. 2025 open"]
[Site "Dimitrovgrad"]
[Date "2025.03.30"]
[Round "5.5"]
[White "Predke, Nikolay"]
[Black "Bagautdinova, Darya"]
[Result "0-1"]
[WhiteElo "1443"]
[BlackElo "1405"]
[PlyCount "54"]

1. e4 e5 2. f4 exf4 3. Nf3 d6 4. d4 g5 5. Bc4 c6 6. h4 g4 7. Ng5 d5 8. exd5
cxd5 9. Qe2+ Be7 10. Bb5+ Nc6 11. Bxc6+ bxc6 12. Bxf4 h6 13. Be5 f6 14. O-O
hxg5 15. Bxf6 Nxf6 16. Rxf6 Bd7 17. hxg5 Qc7 18. Nc3 Qh2+ 19. Kf2 g3+ 20. Kf3
Qh5+ 21. Kxg3 Qxg5+ 22. Kf2 Qxf6+ 23. Kg1 Qxd4+ 24. Qf2 Rh1+ 25. Kxh1 Qxf2 26.
Rd1 O-O-O 27. a4 Rh8# 0-1

[Event "Dimitrovgrad Chmp. 2025 open"]
[Site "Dimitrovgrad"]
[Date "2025.03.30"]
[Round "6"]
[Black "Bagautdinova, Darya"]
[White "Bredihin, Dmitriy"]
[Result "0-1"]
[WhiteElo "1405"]
[BlackElo "2129"]
[PlyCount "124"]

1. c4 c5 2. Nc3 Nf6 3. g3 e6 4. e3 d5 5. cxd5 exd5 6. d4 cxd4 7. exd4 Nc6 8.
Bg2 Be7 9. Nge2 O-O 10. O-O Bf5 11. a3 Ne4 12. Nf4 Nxc3 13. bxc3 Be4 14. f3 Bf5
15. Qb3 Qd7 16. Qxd5 Rfd8 17. Qb5 a6 18. Qb2 g5 19. Ne2 Na5 20. f4 g4 21. Qb6
Qb5 22. Qxb5 axb5 23. Ra2 Be6 24. Rd2 Bd5 25. f5 Nc4 26. Rdd1 Bxa3 27. Bg5 Bxg2
28. Kxg2 Re8 29. Rfe1 f6 30. Bh6 b4 31. Rb1 bxc3 32. Nxc3 Rxe1 33. Rxe1 Bb4 34.
Rc1 Bxc3 35. Rxc3 Ra2+ 36. Kg1 b5 37. d5 Ra1+ 38. Rc1 Rxc1+ 39. Bxc1 b4 40. Kf2
b3 41. Ke2 Kf7 42. Kd3 b2 43. Bxb2 Nxb2+ 44. Kc3 Nd1+ 45. Kd4 Ke7 46. Kc5 Kd7
47. Kd4 Kd6 48. Ke4 Nc3+ 49. Kf4 h5 50. Ke3 Kxd5 51. Kd3 Ne4 52. Ke3 Ke5 53.
Ke2 Kd4 54. Kf1 Ke3 55. Kg2 Nd6 56. h4 Nxf5 57. Kh2 Kf2 58. Kh1 Nxg3+ 59. Kh2
Ne2 60. Kh1 f5 61. Kh2 g3+ 62. Kh3 Nf4# 0-1

[Event "Dimitrovgrad Chmp. 2025 open"]
[Site "Dimitrovgrad"]
[Date "2025.04.05"]
[Round "7.1"]
[White "Abramov, Gordey P"]
[Black "Alachihin, Vladimir"]
[Result "0-1"]
[WhiteElo "1559"]
[BlackElo "2270"]
[PlyCount "54"]

1. c4 f5 2. Nc3 Nf6 3. d4 e6 4. g3 d5 5. Bg2 c6 6. Nf3 Bd6 7. Bf4 O-O 8. O-O
Qe7 9. Ne5 Nbd7 10. Qc2 Nh5 11. Nxd7 Bxd7 12. Bxd6 Qxd6 13. e3 Nf6 14. f4 dxc4
15. a4 Nd5 16. Rfe1 b5 17. axb5 cxb5 18. Qe2 Bc6 19. e4 Nb4 20. d5 exd5 21.
exd5 Bd7 22. Kh1 Nd3 23. Rf1 Rfe8 24. Qd2 a5 25. Ne2 Qb4 26. Qxb4 axb4 27. Rab1
Rxe2 0-1

[Event "Dimitrovgrad Chmp. 2025 open"]
[Site "Dimitrovgrad"]
[Date "2025.04.05"]
[Round "7.2"]
[White "Zaletov, Yuri"]
[Black "Bredihin, Dmitriy"]
[Result "0-1"]
[WhiteElo "2098"]
[BlackElo "2129"]
[PlyCount "76"]

1. d4 Nf6 2. Bf4 b6 3. e3 Bb7 4. Nf3 g6 5. c3 Bg7 6. Nbd2 d6 7. Qc2 Nbd7 8. e4
O-O 9. h4 Re8 10. O-O-O e5 11. dxe5 dxe5 12. Bg5 h6 13. Bc4 hxg5 14. Nxg5 Rf8
15. Ndf3 Qe7 16. h5 Nxh5 17. g4 Nf4 18. Nxf7 Rxf7 19. Rxd7 Qxd7 20. Ng5 Qxg4
21. Nxf7 Kf8 22. Rd1 Bf6 23. b4 a6 24. Kb2 Bc6 25. Qd2 b5 26. Bb3 Qe2 27. Nh6
Rd8 28. Qxe2 Nxe2 29. f3 Rxd1 30. Bxd1 Nf4 31. Ng4 Ke7 32. Ne3 Bd7 33. a3 Bh4
34. c4 Bf2 35. Nd5+ Nxd5 36. cxd5 Kf6 37. Be2 Kg5 38. a4 Kf4 0-1

[Event "Dimitrovgrad Chmp. 2025 open"]
[Site "Dimitrovgrad"]
[Date "2025.04.05"]
[Round "7.4"]
[White "Bagautdinova, Darya"]
[Black "Kiselev, Artem"]
[Result "0-1"]
[WhiteElo "1405"]
[BlackElo "1415"]
[PlyCount "40"]

1. c4 c5 2. Nc3 Nf6 3. g3 e6 4. e3 Nc6 5. Bg2 d5 6. cxd5 exd5 7. d4 Bg4 8. Nge2
cxd4 9. exd4 Bd6 10. Be3 O-O 11. Nxd5 Nxd5 12. Bxd5 Qa5+ 13. Qd2 Qxd5 14. Rg1
Rfe8 15. Nc3 Qc4 16. Qc1 Qd3 17. Qd2 Qxd2+ 18. Kxd2 Rad8 19. Kc2 Bf5+ 20. Kc1
b6 0-1

[Event "Dimitrovgrad Chmp. 2025 open"]
[Site "Dimitrovgrad"]
[Date "2025.04.05"]
[Round "7.5"]
[White "Ataev, Gasan"]
[Black "Velichko, Ostap"]
[Result "1-0"]
[WhiteElo "1173"]
[BlackElo "1347"]
[PlyCount "103"]

1. e4 e5 2. Nf3 Nc6 3. d4 exd4 4. Nxd4 Bc5 5. Be3 Nxd4 6. Bxd4 Bxd4 7. Qxd4 Nf6
8. Nc3 d6 9. Bc4 O-O 10. O-O Nh5 11. Qe3 Qh4 12. Be2 Nf6 13. h3 Re8 14. f4 c6
15. Qd3 Nxe4 16. Rf3 Bf5 17. Bf1 d5 18. Qd4 Nxc3 19. Qxc3 Re4 20. Bd3 d4 21.
Qa5 Re3 22. Rxe3 dxe3 23. Bxf5 Qxf4 24. Rd1 b6 25. Qxa7 Re8 26. Qe7 Qb8 27. Qh4
g6 28. Bg4 e2 29. Bxe2 Qe5 30. Bf3 Kg7 31. Qd4 Qxd4+ 32. Rxd4 Re6 33. Kf2 Kf6
34. b4 g5 35. Bg4 Ke5 36. Bxe6 Kxd4 37. Bxf7 Kc3 38. a4 Kxb4 39. Bb3 c5 40. Ke2
Kc3 41. Kd1 Kd4 42. Kd2 h5 43. c4 Ke4 44. Ke2 Kf4 45. Kf2 Ke4 46. Bd1 Kd4 47.
Be2 Kc3 48. Ke3 Kb4 49. Kd3 Kxa4 50. Bxh5 b5 51. Be8 Ka5 52. Bxb5 1-0

[Event "Dimitrovgrad Chmp. 2025 open"]
[Site "Dimitrovgrad"]
[Date "2025.04.05"]
[Round "7.6"]
[White "Shajkin, Andrey"]
[Black "Predke, Nikolay"]
[Result "1-0"]
[WhiteElo "1551"]
[BlackElo "1443"]
[PlyCount "45"]

1. d4 Nf6 2. c4 g6 3. Nc3 Bg7 4. Nf3 d6 5. e4 Nbd7 6. Be2 O-O 7. O-O e5 8. Be3 Nh5 
9. dxe5 dxe5 10. g3 b6 11.Qb3 Bb7 12. c5 Kh8 13. Rad1 Qe7 14. cxb6 cxb6 15. Bc4 f5 
16. Bg5 Bf6 17. Nd5 Bxd5 18. Bxd5 Bxg5 19. Bxa8 Rxa8 20. Nxg5 Qxg5 21. Rxd7 f4 22. 
Qf7 Nf6 23. Qg7# 1-0

[Event " Chmp. 2025 open"]
[Site "Dimitrovgrad"]
[Date "2025.04.06"]
[Round "8.1"]
[White "Kiselev, Artem"]
[Black "Alachihin, Vladimir"]
[Result "0-1"]
[WhiteElo "1415"]
[BlackElo "2270"]
[PlyCount "86"]

1. d4 Nf6 2. c4 e6 3. Nc3 Bb4 4. Bg5 h6 5. Bh4 c5 6. e3 Bxc3+ 7. bxc3 Qa5 8.
Qc2 Nc6 9. Bd3 cxd4 10. exd4 Nxd4 11. Qb2 b6 12. Ne2 Nf5 13. Bg3 Nxg3 14. Nxg3
Qe5+ 15. Be2 h5 16. Nf1 Bb7 17. Ne3 Ng4 18. Qd2 Nxe3 19. Qxe3 Qxe3 20. fxe3
Bxg2 21. Rg1 Be4 22. Rxg7 Bg6 23. O-O-O Rd8 24. Bd3 Kf8 25. Rxg6 fxg6 26. Bxg6
Ke7 27. Kc2 Rdg8 28. Be4 Rg4 29. Kd3 Rf8 30. Rd2 Rf1 31. Ke2 Rgg1 32. Bf3 Rc1
33. Kd3 h4 34. Bh5 h3 35. Bf3 Kf6 36. Rb2 Rb1 37. Rd2 Ke5 38. Rc2 Rbf1 39. Bb7
Rd1+ 40. Ke2 Rc1 41. Rd2 Rg2+ 42. Kd3 Rxd2+ 43. Kxd2 Ra1 0-1

[Event "Dimitrovgrad Chmp. 2025 open"]
[Site "Dimitrovgrad"]
[Date "2025.04.06"]
[Round "8.3"]
[White "Bredihin, Dmitriy"]
[Black "Abramov, Gordey"]
[Result "1-0"]
[WhiteElo "2129"]
[BlackElo "1461"]
[PlyCount "53"]

1. c4 c6 2. Nf3 d5 3. b3 Nf6 4. e3 Bg4 5. Bb2 e6 6. Be2 Bd6 7. O-O O-O 8. h3
Bh5 9. Nc3 Nbd7 10. Rc1 Re8 11. d4 Rc8 12. Re1 h6 13. Nd2 Bxe2 14. Qxe2 e5 15.
dxe5 Bxe5 16. Nf3 d4 17. Nxe5 Rxe5 18. Nb1 c5 19. Qf3 Qa5 20. Red1 Qxa2 21.
exd4 cxd4 22. Bxd4 Ree8 23. Rd2 Qa6 24. Nc3 Nc5 25. Bxc5 Rxc5 26. Rcd1 Rce5 27.
Kh2 1-0

[Event "Dimitrovgrad Chmp. 2025 open"]
[Site "Dimitrovgrad"]
[Date "2025.04.06"]
[Round "8.4"]
[White "Predke, Nikolay"]
[Black "Zaletov, Yuriy"]
[Result "0-1"]
[WhiteElo "1443"]
[BlackElo "2098"]
[PlyCount "100"]

1. e4 e5 2. Nf3 d5 3. exd5 e4 4. Nd4 Qxd5 5. Nb3 Nf6 6. Nc3 Qe5 7. Be2 Nc6 8.
d3 exd3 9. Qxd3 Bf5 10. Qe3 O-O-O 11. Qxe5 Nxe5 12. Be3 Bxc2 13. Nd4 Bd3 14.
Rd1 Bxe2 15. Kxe2 Nc4 16. b3 Nxe3 17. Kxe3 Bc5 18. Nce2 Rd7 19. Rd3 Ng4+ 20.
Kf3 Ne5+ 21. Ke3 Nxd3 22. Kxd3 Bxd4 23. Nxd4 c5 24. Rc1 Rxd4+ 25. Ke3 Re8+ 26.
Kf3 Rd5 27. b4 b6 28. a4 Kb7 29. b5 a5 30. Rc4 Rd4 31. Rc2 Rxa4 32. h3 Rb4 33.
Rc3 a4 34. Rc2 a3 35. Ra2 Ra4 36. Rd2 Re7 37. Ra2 c4 38. g3 c3 39. Kg2 c2 40.
Rxc2 a2 41. Rc1 a1=Q 42. Rxa1 Rxa1 43. h4 Rb1 44. Kf3 Rxb5 45. Kf4 Rc5 46. Kg4
b5 47. h5 b4 48. h6 g6 49. f3 b3 50. f4 b2 0-1

[Event "Dimitrovgrad Chmp. 2025 open"]
[Site "Dimitrovgrad"]
[Date "2025.04.06"]
[Round "8.5"]
[White "Velichko, Ostap"]
[Black "Bagautdinova, Darya"]
[Result "0-1"]
[WhiteElo "1347"]
[BlackElo "1405"]
[PlyCount "61"]

1. e4 e5 2. Nf3 Nc6 3. Bc4 d6 4. Nc3 Bg4 5. h3 Bh5 6. Be2 Nf6 7. d3 d5 8. Bg5
d4 9. Nd5 Be7 10. Nxe7 Qxe7 11. c3 Qd6 12. Qb3 Rb8 13. O-O O-O 14. g4 Bg6 15.
Bh4 h5 16. Nh2 hxg4 17. hxg4 Nd7 18. Bg3 dxc3 19. Qxc3 Nd4 20. Bd1 Nc5 21. b4
Na4 22. Qa3 Nb6 23. f4 Nb5 24. Qb3 exf4 25. Bxf4 Qd4+ 26. Rf2 Qxa1 27. Rb2 Nd4
28. Qa3 Qxd1+ 29. Kf2 Nc2 30. Qb3 Qe1+ 31. Kf3 0-1

[Event "Dimitrovgrad Chmp. 2025 open"]
[Site "Dimitrovgrad"]
[Date "2025.04.06"]
[Round "9.1"]
[White "Alachihin, Vladimir"]
[Black "Bagautdinova, Darya"]
[Result "1-0"]
[WhiteElo "2270"]
[BlackElo "1405"]
[PlyCount "77"]

1. d4 d5 2. Nf3 e6 3. c4 Bb4+ 4. Nc3 Nf6 5. Qa4+ Nc6 6. Bg5 Bd7 7. Qc2 h6 8.
Bh4 Na5 9. cxd5 exd5 10. e3 Bg4 11. Ne5 Be6 12. Qa4+ c6 13. Qxb4 b6 14. Bd3 g5
15. Bg3 Rc8 16. O-O Nb7 17. Rfe1 Nh5 18. e4 dxe4 19. Bxe4 Nxg3 20. Nxc6 Qc7 21.
Nd5 Qd6 22. Nf6+ Kf8 23. hxg3 Rxc6 24. Qxd6+ Rxd6 25. Bxb7 Kg7 26. d5 Bf5 27.
Ne4 Rd7 28. Bc6 Re7 29. Nd6 Rxe1+ 30. Rxe1 Bg6 31. Ne8+ Kh7 32. d6 f5 33. Re7+
Kg8 34. Nf6+ Kf8 35. Nd7+ Kg8 36. Bd5+ Bf7 37. Rxf7 Rh7 38. Nf6+ Kh8 39. Rxh7#
1-0

[Event "Dimitrovgrad Chmp. 2025 open"]
[Site "Dimitrovgrad"]
[Date "2025.04.06"]
[Round "9.2"]
[White "Markelov, Aleksey"]
[Black "Kiselev, Artem"]
[Result "1-0"]
[WhiteElo "1964"]
[BlackElo "1415"]
[PlyCount "59"]

1. e4 c5 2. Nf3 d6 3. Nc3 Nf6 4. d4 cxd4 5. Nxd4 a6 6. a4 e6 7. Be3 Be7 8. Be2
O-O 9. O-O b6 10. Qd2 Bb7 11. f3 Nc6 12. Nb3 Rc8 13. Rfd1 Qc7 14. Bf2 Rfd8 15.
a5 bxa5 16. Na4 Nd7 17. Bg3 Nf6 18. Bf2 Nd7 19. Bd3 Nb4 20. Nxa5 Nxd3 21. cxd3
Ba8 22. Nc4 d5 23. Ncb6 Rb8 24. Rdc1 Qb7 25. Bg3 e5 26. Nxd5 Bb4 27. Qg5 f6 28.
Qg4 Qb5 29. Nc7 h5 30. Qe6+ 1-0

[Event "Dimitrovgrad Chmp. 2025 open"]
[Site "Dimitrovgrad"]
[Date "2025.04.06"]
[Round "9.3"]
[White "Bredihin, Dmitriy"]
[Black "Ataev, Gasan"]
[Result "1-0"]
[WhiteElo "2129"]
[BlackElo "1173"]
[PlyCount "59"]

1. c4 e5 2. Nc3 Nf6 3. Nf3 Nc6 4. g3 Bc5 5. Bg2 d6 6. a3 a6 7. O-O O-O 8. e3 e4
9. Ng5 Be6 10. b3 d5 11. cxd5 Bxd5 12. Ngxe4 Nxe4 13. Nxe4 Re8 14. Qc2 Ba7 15.
Bb2 Re6 16. h4 h6 17. d3 f5 18. Nc5 Bxc5 19. e4 Nd4 20. Qxc5 Ne2+ 21. Kh2 fxe4
22. dxe4 Bxe4 23. Qc4 Nf4 24. Bxe4 Kh8 25. Bf5 Rf6 26. Qxf4 Rb6 27. Rad1 Qg8
28. Rd7 Rxb3 29. Qxh6+ Qh7 30. Qxh7# 1-0

[Event "Dimitrovgrad Chmp. 2025 B"]
[Site "Dimitrovgrad"]
[Date "2025.03.22"]
[Round "1.4"]
[White "Makarov, Evgeniy"]
[Black "Husnutdinov, Tagir"]
[Result "0-1"]
[WhiteElo "1000"]
[BlackElo "1206"]
[PlyCount "30"]

1. e4 e5 2. Nf3 Nf6 3. Nc3 Nc6 4. Bb5 d6 5. Bxc6+ bxc6 6. O-O Bg4 7. h3 Bh5 8.
d3 Be7 9. g4 Bg6 10. d4 h5 11. gxh5 Bxh5 12. Qd3 Qd7 13. Kh2 Bxf3 14. dxe5
Qxh3+ 15. Kg1 Qh2# 0-1

[Event "Dimitrovgrad Chmp. 2025 B"]
[Site "Dimitrovgrad"]
[Date "2025.03.22"]
[Round "1.5"]
[White "Komyazhko, Anna"]
[Black "Hrestinin, Bulat"]
[Result "1-0"]
[WhiteElo "1141"]
[BlackElo "1000"]
[PlyCount "87"]

1. e4 e5 2. Nf3 Nf6 3. Nc3 Nc6 4. Be2 Bd6 5. O-O O-O 6. d3 Nd4 7. Be3 Nxf3+ 8.
Bxf3 h6 9. h3 Bb4 10. a3 Bxc3 11. bxc3 d6 12. d4 exd4 13. cxd4 c5 14. d5 Re8
15. Qd3 b6 16. Rab1 a5 17. Rfe1 Ba6 18. c4 Qe7 19. Bf4 Qd8 20. Bd1 Qe7 21. f3
Nh5 22. Bh2 Red8 23. e5 f6 24. f4 fxe5 25. fxe5 Rf8 26. Bc2 Rfd8 27. Qh7+ Kf8
28. Qh8+ Kf7 29. e6+ Kf6 30. Rf1+ Kg5 31. Rf5+ Kh4 32. g3+ Nxg3 33. Bxg3+ Kxg3
34. Rb3+ Kh4 35. Qh7 Rf8 36. Rxf8 Qg5+ 37. Kh2 Rxf8 38. Qe4+ Rf4 39. Qg2 Qxg2+
40. Kxg2 Rxc4 41. Bg6 Ra4 42. e7 c4 43. Rg3 Bb5 44. Rg4# 1-0

[Event "Dimitrovgrad Chmp. 2025 B"]
[Site "Dimitrovgrad"]
[Date "2025.03.29"]
[Round "4.2"]
[White "Markelova, Mariya"]
[Black "Komyazhko, Anna"]
[Result "0-1"]
[WhiteElo "1237"]
[BlackElo "1141"]
[PlyCount "76"]

1. d4 d5 2. e3 Nf6 3. c4 e6 4. Nc3 Be7 5. Bd3 dxc4 6. Bxc4 O-O 7. Nge2 Nc6 8.
O-O a6 9. Qc2 Nb4 10. Qb3 b5 11. Nxb5 axb5 12. Bxb5 Ba6 13. Bxa6 Rxa6 14. Bd2
Rb6 15. Bxb4 Rxb4 16. Qc2 Qd7 17. a3 Rb6 18. Nc3 Rfb8 19. Na4 Rb3 20. Nc5 Bxc5
21. Qxc5 Rxb2 22. Rac1 Ne4 23. Qxc7 Qxc7 24. Rxc7 Rb1 25. g3 h6 26. a4 Rxf1+
27. Kxf1 Ra8 28. f3 Nd6 29. Rc6 Nf5 30. Kf2 Rxa4 31. g4 Ra2+ 32. Kg1 Nxe3 33.
Rc1 Rg2+ 34. Kh1 Ra2 35. Kg1 Rc2 36. Re1 Nd5 37. h4 Nf4 38. Re4 Ne2+ 0-1

[Event "Dimitrovgrad Chmp. 2025 B"]
[Site "Dimitrovgrad"]
[Date "2025.03.30"]
[Round "6.3"]
[White "Komyazhko, Anna"]
[Black "Krylov, Vadim"]
[Result "1-0"]
[WhiteElo "1141"]
[BlackElo "1000"]
[PlyCount "75"]

1. e4 e5 2. Nf3 Nf6 3. Nc3 Bb4 4. Nxe5 Bxc3 5. bxc3 Nxe4 6. Qe2 d6 7. Nf3 d5 8.
d3 O-O 9. dxe4 Re8 10. Qd3 dxe4 11. Qxd8 Rxd8 12. Nd4 c5 13. Nb5 Na6 14. Bc4
Bd7 15. Nd6 Nc7 16. Nxf7 Re8 17. Nd6+ Be6 18. Nxe8 Rxe8 19. Bxe6+ Rxe6 20. O-O
Nb5 21. Bb2 e3 22. fxe3 Rxe3 23. c4 Nd6 24. Rad1 Re6 25. Rfe1 Rxe1+ 26. Rxe1
Nxc4 27. Be5 Na3 28. Re2 c4 29. Bb8 a5 30. Bc7 a4 31. c3 Nb5 32. Ba5 b6 33.
Bxb6 Nxc3 34. Rc2 Nd5 35. Bc5 c3 36. Bd4 Nb4 37. Rxc3 Nxa2 38. Ra3 1-0

[Event "Dimitrovgrad Chmp. 2025 B"]
[Site "Dimitrovgrad"]
[Date "2025.03.30"]
[Round "6.5"]
[White "Shafikov, Daniel"]
[Black "Sergachev, Platon"]
[Result "1-0"]
[WhiteElo "1264"]
[BlackElo "1044"]
[PlyCount "35"]

1. d4 d5 2. c4 Nf6 3. Nc3 dxc4 4. e3 e6 5. Bxc4 Nc6 6. Nf3 Bb4 7. a3 Bxc3+ 8.
bxc3 Bd7 9. a4 O-O 10. O-O Ne4 11. Qc2 Ng5 12. Nxg5 Qxg5 13. Bd3 g6 14. e4 e5
15. Bxg5 exd4 16. Bf6 Be6 17. Qc1 dxc3 18. Qh6 1-0

[Event "Dimitrovgrad Chmp. 2025 B"]
[Site "Dimitrovgrad"]
[Date "2025.04.06"]
[Round "9.1"]
[White "Ryazancev, Alexandr"]
[Black "Krylov, Vadim"]
[Result "1-0"]
[WhiteElo "1290"]
[BlackElo "1000"]
[PlyCount "41"]
[SourceVersionDate "2025.04.13"]

1. e4 e5 2. Nf3 Nc6 3. Nc3 Nf6 4. Bc4 Bb4 5. Qe2 Bxc3 6. dxc3 O-O 7. Bg5 h6 8.
Bxf6 Qxf6 9. O-O-O Qf4+ 10. Qd2 Qxe4 11. Bd5 Qa4 12. Kb1 b5 13. Rhe1 b4 14.
Bxc6 dxc6 15. cxb4 Re8 16. Rxe5 Rxe5 17. Nxe5 Be6 18. b3 Qa6 19. Qc3 Qa3 20.
Qxc6 Qxb4 21. Qxa8+ 1-0